书目信息 |
| 题名: |
中国寺院建筑百问百答
|
|
| 作者: | 陆风白 编著 | |
| 分册: | ||
| 出版信息: | 合肥 黄山书社 2014.12 |
|
| 页数: | 147页 | |
| 开本: | 21cm | |
| 丛书名: | 读图时代 | |
| 单 册: | ||
| 中图分类: | TU-098.3 | |
| 科图分类: | ||
| 主题词: | 佛教--fo jiao--寺庙--建筑艺术--中国 , 道教--dao jiao--宗教建筑--建筑艺术--中国 | |
| 电子资源: | ||
| ISBN: | 978-7-5461-4744-4 | |
| 000 | 01016nam 2200277 450 | |
| 001 | CAL 0120141315616 | |
| 005 | 20150803144939.46 | |
| 010 | @a978-7-5461-4744-4@dCNY29.80 | |
| 100 | @a20150323d2014 em y0chiy50 ea | |
| 101 | 0 | @achi |
| 102 | @aCN@b340000 | |
| 105 | @aa z 000yy | |
| 106 | @ar | |
| 200 | 1 | @a中国寺院建筑百问百答@Azhong guo si yuan jian zhu bai wen bai da@f陆风白编著 |
| 210 | @a合肥@c黄山书社@d2014.12 | |
| 215 | @a147页@c彩图@d21cm | |
| 225 | 2 | @a读图时代@Adu tu shi dai@i1022 |
| 330 | @a本书共分为: 汉传佛教寺院建筑、藏传佛教寺院建筑、南传佛教寺院建筑、道教寺院建筑、伊斯兰教寺院建筑几部分, 主要内容包括: 什么是汉传佛教? 汉传佛教的建筑包括哪些类别? 汉传佛教是如何选址与布局的等。 | |
| 410 | 0 | @12001 @a读图时代@i1022 |
| 586 | @a | |
| 606 | 0 | @a佛教@Afo jiao@x寺庙@x建筑艺术@y中国 |
| 606 | 0 | @a道教@Adao jiao@x宗教建筑@x建筑艺术@y中国 |
| 690 | @aTU-098.3@v5 | |
| 701 | 0 | @a陆风白@Alu feng bai@4编著 |
| 801 | 0 | @aCN@c20150820 |
| 905 | @a河南城建学院图书馆@dTU-098.3@eL830@f3 | |
| 中国寺院建筑百问百答/陆风白编著.-合肥:黄山书社,2014.12 |
| 147页:彩图;21cm.-(读图时代.1022) |
| ISBN 978-7-5461-4744-4:CNY29.80 |
| 本书共分为: 汉传佛教寺院建筑、藏传佛教寺院建筑、南传佛教寺院建筑、道教寺院建筑、伊斯兰教寺院建筑几部分, 主要内容包括: 什么是汉传佛教? 汉传佛教的建筑包括哪些类别? 汉传佛教是如何选址与布局的等。 |
| ● |
| 相关链接 |
|
|
|
正题名:中国寺院建筑百问百答
索取号:TU-098.3/L830
 
预约/预借
| 序号 | 登录号 | 条形码 | 馆藏地/架位号 | 状态 | 备注 |
| 1 | 1161448 | 211614485 | 建筑库101/101建筑库 9排2列1层/ [索取号:TU-098.3/L830] | 在馆 | |
| 2 | 1161449 | 211614494 | 建筑与城市规划学院资料室/101建筑库 108排5列3层/ [索取号:TU-098.3/L830] | 在馆 | |
| 3 | 1161450 | 211614500 | 建筑库101/101建筑库 9排2列1层/ [索取号:TU-098.3/L830] | 在馆 |